A history of modern Tibet, 1913-1951 : (Record no. 134536)

MARC details
000 -LEADER
fixed length control field 00857nam a22002417a 4500
005 - DATE AND TIME OF LATEST TRANSACTION
control field 20170124110227.0
010 ## - LIBRARY OF CONGRESS CONTROL NUMBER
LC control number A-678901
020 ## - INTERNATIONAL STANDARD BOOK NUMBER
Terms of availability 00.00
International Standard Book Number 8121505828
035 ## - SYSTEM CONTROL NUMBER
System control number A-678901
037 ## - SOURCE OF ACQUISITION
Source of stock number/acquisition Cen Lib/Ret
040 ## - CATALOGING SOURCE
Original cataloging agency DPL
Language of cataloging EN
082 ## - DEWEY DECIMAL CLASSIFICATION NUMBER
Classification number 951.5
Item number GOL
100 ## - MAIN ENTRY--PERSONAL NAME
Personal name Goldstein, Melvyn C.
9 (RLIN) 41008
245 ## - TITLE STATEMENT
Title A history of modern Tibet, 1913-1951 :
Statement of responsibility, etc by Melvyn C Goldstein [and] Gelek Rimpoche
Remainder of title the demise of the Lamaist state /
260 ## - PUBLICATION, DISTRIBUTION, ETC. (IMPRINT)
Place of publication, distribution, etc New Delhi
Name of publisher, distributor, etc Munshiram Manoharlal Publishers
Date of publication, distribution, etc 1989
270 ## - ADDRESS
Address Post Box 5715, 54 Rani Jhansi Road
City New Delhi
Postal code 110055
300 ## - PHYSICAL DESCRIPTION
Extent xxv,898p.
Dimensions 21cm(Hb)
Accompanying material maps
500 ## - GENERAL NOTE
General note Includes index<br/>
650 ## - SUBJECT ADDED ENTRY--TOPICAL TERM
Topical term or geographic name as entry element Tibet Autonomous Region (China) -- History
9 (RLIN) 29443
650 ## - SUBJECT ADDED ENTRY--TOPICAL TERM
Topical term or geographic name as entry element China -- Tibet Autonomous Region
9 (RLIN) 12238
700 ## - ADDED ENTRY--PERSONAL NAME
Personal name Rimpoche, Gelek
9 (RLIN) 41009
942 ## - ADDED ENTRY ELEMENTS (KOHA)
Source of classification or shelving scheme Dewey Decimal Classification
Koha item type English Books
Classification part 951.5
Call number suffix GOL
Holdings
Withdrawn status Lost status Damaged status Not for loan Collection code Home library Current library Date acquired Source of acquisition Cost, normal purchase price Total Checkouts Full call number Barcode Date last seen Copy number Cost, replacement price Price effective from Koha item type
      Not For Loan Reference Central Library Central Library 30/07/2015 Cen Lib/Ret 0.00   951.5 GOL A-678901 30/07/2015 1 0.00 30/07/2015 English Books

© Delhi Public Library
Hit Counter
free hit counter